00887cam a2200253 a 4500001000800000005001700008008004100025010001700066020003600083020003600119040001800155041000800173043002100181080001300202082001700215100000700232101000800239245013600247504006400383906004500447942001200492999001700504952011200521301443120171214072605.0940421s1994 nyu b 001 0 eng  a 94018797  a0801429803 (cloth : alk. paper) a0801481791 (paper : alk. paper) aDLCcDLCdDLC aeng ae-gr---an-us--- a321.8EUB00a321.8EUB220 a19 aPOL00aAthenian political thought and the reconstruction of American democracy /cedited by J. Peter Euben, John Wallach, and Josiah Ober. aIncludes bibliographical references (p. 341-346) and index. a7bcbccorignewd1eocipf19gy-gencatlg 2ddccBK c38934d38934 00102udc40708PËKGa002b002cPËKGd2017-12-14l0o321.8EUBp002-2939372r2017-12-14w2017-12-14yBK